Болезни обмена (Запись № 6012561)

Подробности
000 -МАРКЕР
контрольное поле 01486nam0a22003131 4500
001 - ИДЕНТИФИКАТОР ЗАПИСИ
контрольное поле v19\rc\1992724
005 - ИДЕНТИФИКАТОР ВЕРСИИ
контрольное поле 20260406004027.0
035 ## - ДРУГИЕ СИСТЕМНЫЕ НОМЕРА
Идентификатор записи (NLR Aleph) 005272298
100 ## - ДАННЫЕ ОБЩЕЙ ОБРАБОТКИ
Данные общей обработки 20080811d1915 |||y0rusy50 ca
101 1# - ЯЗЫК РЕСУРСА
Язык текста, звукозаписи и т.д. русский
Язык оригинала немецкий
102 ## - СТРАНА ПУБЛИКАЦИИ ИЛИ ПРОИЗВОДСТВА
Страна публикации российская федерация
105 ## - ПОЛЕ КОДИРОВАННЫХ ДАННЫХ: ТЕКСТОВЫЕ МАТЕРИАЛЫ, МОНОГРАФИЧЕСКИЕ
Кодированные данные о монографическом текстовом документе y z |||||
200 1# - ЗАГЛАВИЕ И СВЕДЕНИЯ ОБ ОТВЕТСТВЕННОСТИ
Основное заглавие Болезни обмена
Сведения, относящиеся к заглавию Ожирение, подагра, сахарная болезнь и их предупреждение
Первые сведения об ответственности Проф. Г. Штраус и д-р Л. Бамбергер
Последующие сведения об ответственности Пер. под ред. д-ра О.И. Бронштейна
-- С предисл. проф. Моск. ун-та В.Д. Шервинского
210 ## - ПУБЛИКАЦИЯ, РАСПРОСТРАНЕНИЕ И ДР.
Место издания, распространения и т.д. Москва
Имя издателя, распространителя и т. д. "Польза" В. Антик и К°
Дата издания, распространения и т.д. 1915
215 ## - ФИЗИЧЕСКАЯ ХАРАКТЕРИСТИКА
Специфическое обозначение материала и объем 140 с.
Размеры 14
225 1# - СЕРИЯ
Основное заглавие серии Универсальная библиотека
Обозначение тома № 647-648
700 #1 - ИМЯ ЛИЦА - ПЕРВИЧНАЯ ОТВЕТСТВЕННОСТЬ
Материалы, к которым относится поле rus
Графика поля Кириллица
Начальный элемент ввода Штраус
Часть имени, кроме начального элемента ввода Г.
Даты 1868-1944
Расширение инициалов личного имени Герман
Идентификатор авторитетной/нормативной записи RU\NLR\AUTH\77113553
Системный номер авторитетной/нормативной записи 96478
701 #1 - ИМЯ ЛИЦА - АЛЬТЕРНАТИВНАЯ ОТВЕТСТВЕННОСТЬ
Начальный элемент ввода Бамбергер
Часть имени, кроме начального элемента ввода Л.
Расширение инициалов личного имени Леопольд
702 #1 - ИМЯ ЛИЦА - ВТОРИЧНАЯ ОТВЕТСТВЕННОСТЬ
Код отношения Редактор
Материалы, к которым относится поле rus
Графика поля Кириллица
Начальный элемент ввода Бронштейн
Часть имени, кроме начального элемента ввода О. И.
Дополнения к именам, кроме дат д-р медицины
Даты 1873-1944
Расширение инициалов личного имени Осип Ильич
Идентификатор авторитетной/нормативной записи RU\NLR\AUTH\77112652
Системный номер авторитетной/нормативной записи 95577
702 #1 - ИМЯ ЛИЦА - ВТОРИЧНАЯ ОТВЕТСТВЕННОСТЬ
Начальный элемент ввода Шервинский
Часть имени, кроме начального элемента ввода В.Д.
Даты 1850-1941
Расширение инициалов личного имени Василий Дмитриевич
Код отношения Автор введения, предисловия, примечания и т.п.
801 #0 - ИСТОЧНИК ЗАПИСИ
Страна российская федерация
Организация NLR
Дата составления 20080811
Правила каталогизации psbo
801 #0 - ИСТОЧНИК ЗАПИСИ
Страна российская федерация
Организация RuMoRGB
Дата составления 20080811
Источник данных psbo
801 #1 - ИСТОЧНИК ЗАПИСИ
Страна российская федерация
Организация ProSoft-M
Дата составления 20080811
Источник данных rusmarc
801 #2 - ИСТОЧНИК ЗАПИСИ
Страна российская федерация
Организация NLR
Дата составления 20120705
Источник данных rusmarc
852 ## - МЕСТОНАХОЖДЕНИЕ И ШИФР ХРАНЕНИЯ
Идентификатор организации NLR
Шифр хранения (Call Number) 37.36.11.1(647-648)
942 ## - ДОПОЛНИТЕЛЬНЫЕ ЭЛЕМЕНТЫ ЗАПИСИ (АБИС)
Тип экземпляра АБИС Книга
980 ## - КОЛЛЕКЦИЯ
Название коллекции Национальная библиография
Экземпляры
Тип экземпляра Дата поступления Библиотека постоянного хранения Библиотека текущего хранения Место хранения Шифр хранения Штрих-код Статус не для выдачи
Книга 26.10.2013 РНБ (Садовая) РНБ (Садовая) Русский книжный фонд -Главное здание, Ленинский читальный зал 37.36.11.1(647-648) 1-4101415